Catalog

Record Details

Catalog Search



Geschichte der deutschen Kriegswirtschaft 1939-1945. Band I. 1939-1941 / Dietrich Eichholtz

Record details

  • ISBN: 3-598-11635-7
  • Physical Description: XX, 398 s.; 25 cm
  • Publisher: München : Saur, 2003

Available copies

  • 1 of 1 copy available at Common Catalog SPOK.

Holds

  • 0 current holds with 1 total copy.
Show Only Available Copies
Location Call Number / Copy Notes Barcode Shelving Location Status Due Date
Terezin Initiative Institute 4058 4594304058 Knihovna ITI Available -

LDR 01555nam a2200349 aa4500
00127325
003CZ-PrJAB
00520220719122414.0
008000822s2003 gw gr 001 0 ger
020 . ‡a3-598-11635-7
035 . ‡a(CONS)2142
035 . ‡a(CZ PrSKC)zpk20000969051
040 . ‡aABA001 ‡bcze ‡dABE340
080 . ‡a338.245 ‡2MRF
080 . ‡a94(100)"1939/1945" ‡2MRF
080 . ‡a338 ‡2MRF
080 . ‡a338.2 ‡2MRF
080 . ‡a(082) ‡2MRF
1001 . ‡aEichholtz, Dietrich, ‡d1930- ‡7jn20010601732 ‡4aut
24510. ‡aGeschichte der deutschen Kriegswirtschaft 1939-1945. ‡nBand I. ‡p1939-1941 / ‡cDietrich Eichholtz
260 . ‡aMünchen : ‡bSaur, ‡c2003
300 . ‡aXX, 398 s.; ‡c25 cm
8524 . ‡bJACH-ITI ‡bJACH-ITI ‡cKnihovna ITI ‡j4058 ‡p4058 ‡y$0.00
910 . ‡aABE340 ‡b4058
995 . ‡aska
901 . ‡a27325 ‡bISxN ‡c27325 ‡tbiblio

Additional Resources